000 00673nam a2200265Ia 4500
003 OSt
005 20220912153037.0
006 a|||||r|||| 00| 0
007 ta
008 220909b |||||||| |||| 00| 0 eng d
024 _a24060
037 _cTextual
040 _aCSL
_beng
_cCSL
041 _aeng
082 _aB6:3N8, N1.2
100 _aPeitgen Heinz-Otto
245 0 _aFractals for the classroom
260 _c1991
300 _ap.
_ccm.
650 _aFractals
700 _a Jurgens Hartmut
700 _a Saupe Dietmar
942 _hB6:3N8, N1.2
_cTEXL
_2CC
999 _c97063
_d97063